000 00725nam a2200229Ia 4500
003 OSt
005 20220923213227.0
006 a|||||r|||| 00| 0
007 ta
008 220922b |||||||| |||| 00| 0 hin d
024 _a160,014
037 _cTextual
040 _aARTS
_cARTS
_bhin
041 _2hin
_ahin
082 _aO152:1:90Q4, K6
100 _aविद्यावती
245 0 _aहिन्दी सन्त साहित्य पर बौद्ध घर्म का प्रभाव
246 _aHindī santa sāhitya par bauddha gharma kā prabhāva
260 _c1966
942 _hO152:1:90Q4, K6
_cTEXL
_2CC
999 _c314761
_d314761